Loading...
| Fine Arts - Painting and Sculpture | 0 | 9 | 0 | 0 | 90 | 83 | 104.33 | 1 | 7 | 0.00 | 0.00 |
| History - Other | 0 | 7 | 0 | 1 | 70 | 66 | 98.14 | 1 | 4 | 0.00 | 0.00 |
| Science - Physics | 0 | 6 | 0 | 0 | 60 | 71 | 93.00 | 1 | 5 | 0.00 | 0.00 |
| Religion | 0 | 5 | 0 | 2 | 50 | 76 | 106.60 | 1 | 2 | 0.00 | 0.00 |
| Literature - American | 0 | 5 | 0 | 0 | 50 | 96 | 120.80 | 1 | 2 | 0.00 | 0.00 |
| Literature - European | 0 | 5 | 1 | 1 | 45 | 103 | 122.60 | 0 | 1 | 0.00 | 0.00 |
| Literature - British | 0 | 4 | 0 | 2 | 40 | 70 | 116.00 | 0 | 1 | 0.00 | 0.00 |
| Fine Arts - Other | 0 | 4 | 0 | 0 | 40 | 21 | 89.25 | 1 | 2 | 0.00 | 0.00 |
| Mythology | 0 | 4 | 0 | 1 | 40 | 108 | 130.00 | 0 | 0 | 0.00 | 0.00 |
| Science - Other | 0 | 4 | 0 | 0 | 40 | 56 | 89.50 | 0 | 2 | 0.00 | 0.00 |
| History - American | 0 | 4 | 1 | 1 | 35 | 71 | 97.50 | 2 | 2 | 0.00 | 0.00 |
| History - World | 0 | 4 | 1 | 0 | 35 | 72 | 82.00 | 0 | 1 | 0.00 | 0.00 |
| Fine Arts - Classical Music | 0 | 3 | 0 | 1 | 30 | 107 | 120.67 | 0 | 1 | 0.00 | 0.00 |
| Geography | 0 | 3 | 0 | 0 | 30 | 42 | 62.33 | 0 | 2 | 0.00 | 0.00 |
| History - European | 0 | 3 | 1 | 0 | 25 | 26 | 62.33 | 0 | 1 | 0.00 | 0.00 |
| Social Science | 0 | 2 | 0 | 0 | 20 | 110 | 110.50 | 0 | 1 | 0.00 | 0.00 |
| Current Events | 0 | 2 | 0 | 0 | 20 | 81 | 91.50 | 0 | 0 | 0.00 | 0.00 |
| Literature - World | 0 | 2 | 1 | 0 | 15 | 108 | 115.50 | 0 | 0 | 0.00 | 0.00 |
| Philosophy | 0 | 2 | 1 | 0 | 15 | 125 | 130.00 | 0 | 1 | 0.00 | 0.00 |
| Science - Chemistry | 0 | 1 | 0 | 0 | 10 | 111 | 111.00 | 0 | 0 | 0.00 | 0.00 |
| Other Academic | 0 | 1 | 0 | 1 | 10 | 126 | 126.00 | 0 | 0 | 0.00 | 0.00 |
| Science - Biology | 0 | 0 | 0 | 0 | 0 | 0.00 | 0 | 0 | 0.00 | 0.00 |